Mrs. GREEN APPLEの曲 - Statistics

General Stats
  • This quiz has been taken 569 times
    16 since last reset
  • The average score is 77 of 208
Answer Stats
収録アルバム/シングル 曲名 % Correct
配信限定シングル(2024) ライラック
86%
配信限定シングル(2026) lulu.
71%
Progressive 我逢人
57%
日々と君
57%
パブリック
57%
鯨の唄
57%
アウフヘーベン
57%
シングル(2018) 青と夏
57%
配信限定シングル(2019) インフェルノ
57%
ダンスホール
57%
配信限定シングル(2023) ケセラセラ
57%
配信限定シングル(2026) 風と町
57%
配信限定シングル(2025) GOOD DAY
57%
シングル(2016) In the Morning
57%
In the Morning - Remastererd 2020
57%
我逢人 - Remastered 2020
57%
パブリック - Remastered 2020
57%
鯨の唄 - Remastered 2020
57%
アウフヘーベン - Remastered 2020
57%
青と夏 - Remastered 2020
57%
インフェルノ - Remastered 2020
57%
Variety StaRt
57%
StaRt - Remastered 2020
57%
ダンスホール - ~The White Lounge Version~/Live
57%
ケセラセラ - ~The White Lounge Version~/Live
57%
43%
(シークレット) 慶びの種
43%
ナニヲナニヲ
43%
道徳と皿
43%
TWELVE 愛情と矛先
43%
キコリ時計
43%
43%
ミスカサズ
43%
ツキマシテハ
43%
おもちゃの兵隊
43%
うブ
43%
シングル(2017) どこかで日は昇る
43%
スマイロブドリーマ
43%
春愁
43%
ア・プリオリ
43%
シングル(2019) 僕のこと
43%
シングル(2019) ロマンチシズム
43%
アボイドノート
43%
君を知らない
43%
私は最強
43%
43%
配信限定シングル(2025) ダーリン
43%
配信限定シングル(2025) クスシキ
43%
配信限定シングル(2025) 天国
43%
ダーリン~18祭Ver.~(Live)
43%
ダーリン~18祭Ver. Off Vocal~(Live)
43%
どこかで日は昇る - Album mix
43%
Attitude
43%
Attitude - ~The White Lounge Version~/Live
43%
CONFLICT
43%
配信限定シングル(2024) Dear
43%
Doodle
43%
点描の唄(feat.井上 苑子)
43%
ブルーアンビエンス(feat.asmi)
43%
はじまり(feat.キヨサク from MONGOL800)
43%
Hug
43%
ダーリン (Instrumental)
43%
InterLuDe ~白い朝~
43%
Loneliness
43%
シングル(2018) Love me, Love you
43%
ENSEMBLE Love me, Love you - ENSEMBLE Version
43%
Love me, Love you - Remastered 2020
43%
Magic
43%
No.7
43%
ダーリン Off Vocal
43%
配信限定シングル(2023) 僕のこと - Orchestra ver.
43%
Oz
43%
Oz - 2017 Version
43%
Part of me
43%
どこかで日は昇る - Remastered 2020
43%
僕のこと - Remastered 2020
43%
ロマンチシズム - Remastered 2020
43%
シングル(2022) Soranji
43%
Soranji - ~The White Lounge Version~/Live
43%
シングル(2015) Speaking
43%
Speaking - Remestered 2020
43%
SPLASH!!!
43%
君を知らない - ~The White Lounge Version~/Live
43%
ツキマシテハ - ~The White Lounge Version~/Live
43%
春愁 - ~The White Lounge Version~/Live
43%
WaLL FloWeR
43%
スターダム
29%
アンゼンパイ
29%
ゼンマイ
29%
恋と吟
29%
えほん
29%
庶幾の唄
29%
シングル(2016) サママ・フェスティバル!
29%
ノニサクウタ
29%
今日までそして明日からも、吉田拓郎 流星
29%
光のうた
29%
灯火
29%
月とアネモネ
29%
嘘じゃないよ
29%
10 | Unity | 配信限定シングル(2022) ニュー・マイ・ノーマル
29%
延々
29%
フロリジナル
29%
アンラブレス
29%
800TRIBUTE -champloo is the BEST!!2- あなたに
29%
配信限定シングル(2024) ナハトムジーク
29%
配信限定シングル(2024) アポロドロス
29%
配信限定シングル(2024) ビターバカンス
29%
配信限定シングル(2025) 夏の影
29%
Dear Jubilee -RADWIMPS TRIBUTE- 狭心症
29%
アルバム(2023) ANTENNA
29%
Blizzard
29%
配信限定シングル(2025) breakfast
29%
配信限定シングル(2025) Carrying Happiness
29%
Summer Cool-Off at Tokyo Disney Resort Carrying Happiness (Tokyo Disney Resort Version)
29%
CHEERS
29%
Circle
29%
Coffee
29%
Coffee - ~The White Lounge Version~/Live
29%
FACTORY
29%
配信限定シングル(2024) familie
29%
Feeling
29%
Feeling - ~The White Lounge Version~/Live
29%
Introduction HeLLo
29%
アルバム(2019) InsPirATion
29%
JOURNEY
29%
Just a Friend
29%
Just a Friend - ~The White Lounge Version~/Live
29%
Ke-Mo Sah-Bee
29%
Mrs. GREEN APPLE Lion
29%
Log(feat.坂口 有望)
29%
lovin'
29%
L.P
29%
On My MiND
29%
ProPose
29%
サママ・フェスティバル! - Remastered 2020
29%
REVERSE
29%
SimPle
29%
soFt-dRink
29%
Soup
29%
サウンドトラック(ライブ・映画アレンジ/2024) The White Lounge - Live
29%
ニュー・マイ・ノーマル - ~The White Lounge Version~/Live
29%
フロリジナル - ~The White Lounge Version~/Live
29%
They are
29%
umbrella
29%
umbrella - 2017 Version
29%
VIP
29%
シングル(2017) WanteD! WanteD!
29%
配信限定シングル(2017) WanteD! WanteD! - KERENMI Remix
29%
WanteD! WanteD! - Remastered 2020
29%
配信限定シングル(2017) WHOO WHOO WHOO
29%
リスキーゲーム
14%
クダリ
14%
配信限定シングル(2024) コロンブス
14%
BFF
14%
Folktale
14%
Folktale - ~The White Lounge Version~/Live
14%
How-to
14%
norn
14%
PARTY
14%
PARTY - ~The White Lounge Version~/Live
14%
シングル(2020) PRESENT - English Ver.
14%
PRESENT - Japanese ver.
14%
SwitCh
14%
Theater
14%
The White Lounge - ~reprise~/Live
14%
Viking
14%
絶世生物
0%
No matching quizzes found
Score Distribution
Percent of People with Each Score
Percentile by Number Answered
Your Score History
You have not taken this quiz since the last reset